000 00469nam a22001817a 4500
003 CEME
005 20210628202746.0
008 210204b xxu||||| |||| 00| 0 eng d
020 _a0-85112-739-8
040 _c.
082 _a796.352 GRA
100 _aGraham, David Acret, Danny
_961470
245 _aThe guinness guide to golf equipment
260 _aENGLAND
_bGUINNESS PUBLISHING
_c1993
300 _a156P
650 _aGOLF EQUIPMENT
_961471
942 _cBK
_2ddc
999 _c570910
_d570910